[Event "Asian-ch Seniors 65"]
[Site "Chess.com INT"]
[Date "2020.07.20"]
[Round "3.4"]
[White "Wazeer Ahmad, Khan"]
[Black "Ziyaev, Negmat"]
[Result "0-1"]
[WhiteElo "1686"]
[BlackElo "2038"]
[PlyCount "88"]
[EventDate "2020.07.20"]
[EventType "swiss"]
[EventRounds "9"]
[EventCountry "UAE"]
[SourceTitle "EXT 2024"]
[Source "ChessBase"]
[SourceDate "2023.10.10"]
[SourceVersion "1"]
[SourceVersionDate "2023.10.10"]
[SourceQuality "1"]

1. d4 Nf6 2. c4 e6 3. Nc3 Bb4 4. Nf3 0-0 5. e3 c5 6. a3 Bxc3+ 7. bxc3 d6 8. Bd3 Nbd7 9. 0-0 Re8 10. Qb3 e5 11. Bb2 e4 12. Be2 exf3 13. Bxf3 Ne4 14. Rad1 Qb6 15. Qc2 Ndf6 16. h3 Bf5 17. Qc1 Bg6 18. g4 h6 19. Kg2 Ng5 20. Be2 Rad8 21. f4 Be4+ 22. Kg3 Ne6 23. d5 Nf8 24. g5 hxg5 25. fxg5 N6d7 26. h4 Qb3 27. Rf4 Qc2 28. Bf3 Qxc1 29. Bxc1 Bxf3 30. Rxf3 Ne5 31. Rf4 Nfg6 32. Re4 f5 33. gxf6 gxf6 34. h5 Ne7 35. Rg1 Kf7 36. Kh3 Rg8 37. Rf1 Rg5 38. Rh4 Rh8 39. h6 N5g6 40. e4 Nxh4 41. Bxg5 Nhg6 42. Rxf6+ Ke8 43. Re6 Ne5 44. Rxe7+ Kf8 0-1

[Event "Asia-ch Seniors 50"]
[Site "Mandalay"]
[Date "2016.10.30"]
[Round "4"]
[White "Wazeer Ahmad, Khan"]
[Black "Thaung, Tun"]
[Result "1-0"]
[WhiteElo "1847"]
[BlackElo "1836"]
[PlyCount "89"]
[EventDate "2016.10.26"]
[EventType "swiss"]
[EventRounds "9"]
[EventCountry "MYA"]
[SourceTitle "CBM 175 Extra"]
[Source "ChessBase"]
[SourceDate "2016.12.12"]
[SourceVersion "1"]
[SourceVersionDate "2016.12.12"]
[SourceQuality "1"]

1. Nf3 Nf6 2. d4 e6 3. c4 d5 4. Nc3 c6 5. Bg5 Be7 6. e3 Nbd7 7. Bd3 0-0 8. 0-0 Re8 9. Qc2 b6 10. Bxf6 Nxf6 11. Ne5 Bb7 12. cxd5 cxd5 13. Bb5 Rf8 14. Nc6 Qd6 15. Ne5 Rfc8 16. Rac1 a6 17. Bd3 b5 18. Qe2 Bd8 19. g4 Nd7 20. f4 f6 21. Nf3 Ba5 22. Qg2 Bxc3 23. bxc3 Rc7 24. Qh3 Nf8 25. f5 e5 26. dxe5 fxe5 27. Qg3 Re8 28. g5 Qb6 29. Nxe5 Qd6 30. Ng4 Qxg3+ 31. hxg3 Rec8 32. f6 Rxc3 33. Rcd1 R8c7 34. Ne5 g6 35. Nf3 Ne6 36. Kf2 b4 37. Rfe1 a5 38. Bb1 Nc5 39. e4 Rxf3+ 40. Kxf3 dxe4+ 41. Ke3 Na4 42. Rd8+ Kf7 43. Bxe4 Bxe4 44. Kxe4 Nc3+ 45. Kf4 1-0

[Event "IND-ch Challengers 54th"]
[Site "Noida"]
[Date "2016.07.09"]
[Round "1"]
[White "Wazeer Ahmad, Khan"]
[Black "Vishnu, Prasanna V"]
[Result "0-1"]
[WhiteElo "1853"]
[BlackElo "2512"]
[PlyCount "58"]
[EventDate "2016.07.09"]
[EventType "swiss"]
[EventRounds "13"]
[EventCountry "IND"]
[SourceTitle "CBM 173 Extra"]
[Source "ChessBase"]
[SourceDate "2016.08.29"]
[SourceVersion "1"]
[SourceVersionDate "2016.08.29"]
[SourceQuality "1"]

1. d4 Nf6 2. Nf3 e6 3. c4 d5 4. Nc3 c6 5. Bg5 dxc4 6. e3 b5 7. Be2 Nbd7 8. 0-0 Bb7 9. a4 a6 10. Ne5 Be7 11. Bxf6 Nxf6 12. Bf3 Nd5 13. Bxd5 exd5 14. f4 0-0 15. Qg4 Qc8 16. f5 f6 17. Rf3 Bd6 18. Rg3 Qc7 19. Ng6 Bxg3 20. hxg3 hxg6 21. fxg6 Rfe8 22. Kf2 Kf8 23. Rh1 Ke7 24. Rh7 Kd8 25. a5 Bc8 26. Qf3 Ra7 27. Qh5 Qe7 28. Nd1 Qe4 29. Rh8 Qf5+ 0-1

[Event "Cattolica op 2nd"]
[Site "Cattolica"]
[Date "2006.06.15"]
[Round "4"]
[White "De Santis, Alessio"]
[Black "Wazeer Ahmad, Khan"]
[Result "1-0"]
[WhiteElo "2337"]
[BlackElo "2036"]
[PlyCount "75"]
[EventDate "2006.06.12"]
[EventType "swiss"]
[EventRounds "6"]
[EventCountry "ITA"]
[SourceTitle "EXT 2024"]
[Source "ChessBase"]
[SourceDate "2023.10.10"]
[SourceVersion "1"]
[SourceVersionDate "2023.10.10"]
[SourceQuality "1"]

1. d4 c5 2. d5 e5 3. e4 d6 4. Bd3 g6 5. h4 Bg7 6. Nc3 a6 7. a4 b6 8. Nge2 f5 9. exf5 c4 10. Bxc4 gxf5 11. Ng3 Ra7 12. Bg5 Qc7 13. Be2 h6 14. Bd2 Nf6 15. Qc1 Qf7 16. Ra3 Ke7 17. Qd1 Rg8 18. Bc4 Qg6 19. h5 Qh7 20. 0-0 Nbd7 21. Re1 Ne8 22. b4 Bf6 23. Bd3 Ng7 24. Qf3 Nb8 25. Qe3 Bg5 26. f4 Nxh5 27. Nxh5 Qg6 28. Qh3 Kf8 29. fxg5 hxg5 30. Rf1 Rf7 31. g4 Rh8 32. Qg2 Rxh5 33. gxh5 Qxh5 34. Be2 g4 35. Ne4 f4 36. Nxd6 f3 37. Bxf3 gxf3 38. Raxf3 1-0

[Event "Cattolica op 2nd"]
[Site "Cattolica"]
[Date "2006.06.12"]
[Round "1"]
[White "Dvirnyy, Danyyil"]
[Black "Wazeer Ahmad, Khan"]
[Result "1-0"]
[WhiteElo "2280"]
[BlackElo "2036"]
[PlyCount "111"]
[EventDate "2006.06.12"]
[EventType "swiss"]
[EventRounds "6"]
[EventCountry "ITA"]
[SourceTitle "EXT 2024"]
[Source "ChessBase"]
[SourceDate "2023.10.10"]
[SourceVersion "1"]
[SourceVersionDate "2023.10.10"]
[SourceQuality "1"]

1. e4 d5 2. exd5 Nf6 3. Bb5+ Bd7 4. Be2 Nxd5 5. d4 e6 6. Nf3 c5 7. c4 Nf6 8. d5 Bd6 9. Nc3 0-0 10. 0-0 e5 11. Bg5 h6 12. Bh4 Bf5 13. Bd3 Bxd3 14. Qxd3 Nbd7 15. Rfe1 Re8 16. Ne4 Qc7 17. Nxf6+ gxf6 18. Qf5 Bf8 19. Nd2 Bg7 20. Ne4 Nf8 21. Bxf6 Qd7 22. Qh5 Ng6 23. Re3 Nf4 24. Qh4 Qf5 25. Bxg7 Kxg7 26. Nd6 Qg6 27. Nxe8+ Rxe8 28. Qg3 f6 29. a3 Kf7 30. Qxg6+ Nxg6 31. b4 Rc8 32. b5 Rd8 33. a4 Rd6 34. Raa3 f5 35. g3 h5 36. Ra1 Kf6 37. Rae1 h4 38. f4 e4 39. g4 Nxf4 40. gxf5 Kxf5 41. Rxe4 Rg6+ 42. Kf1 Nd3 43. R1e3 Nf4 44. Re7 Kg4 45. Rf7 Nh3 46. Re6 Rg8 47. Re4+ Kh5 48. Rh7+ Kg5 49. Ree7 Kg6 50. d6 Rf8+ 51. Ke1 Ng5 52. Rhg7+ Kf6 53. Rxb7 Nf3+ 54. Kf2 Nxh2 55. Kg2 Ke6 56. Rge7+ 1-0